00381nam a2200121Ia 4500008004100000020001900041082002000060100001900080245008200099250001600181260005200197300001000249210430s9999 xx 000 0 und d a978-0471275077 a668.903 E5615 E aHerman F Mark  aEncyclopedia of Polymer Science and technology Vol 10 of 12 /cHerman F Mark  a3rd edition aNew JerseybJohn wiley & Sons publicationc2003 a739p.